000 nam a22 7a 4500
999 _c126493
_d126493
008 170524b xxu||||| |||| 00| 0 eng d
020 _a9780143116608
050 _aPZ4.C183 W5 2010
100 _aCamilleri, Andrea
_931010
245 _aThe Wings of the Sphinx
_cAndrea Camilleri, translated by Stephen Sartarelli
260 _aNew York
_bPenguin Books
_c2010
300 _a231p. ;
_c20cm.
440 _aAn Inspector Montalbano Mystery
_931006
942 _2lcc
_cMONOGRAPH